[Event "10th EICC"]
[Site "Budva MNE"]
[Date "2009.03.14"]
[Round "8"]
[White "Chapman,T"]
[Black "Todorovic,GM"]
[Result "0-1"]
[WhiteElo "2251"]
[BlackElo "2471"]
[EventDate "2009.03.06"]

1. Nf3 c5 2. c4 Nc6 3. d4 cxd4 4. Nxd4 Nf6 5. Nc3 e6 6. a3 d5 7. cxd5 exd5
8. Bg5 Be7 9. e3 O-O 10. Be2 h6 11. Bh4 Be6 12. O-O Rc8 13. Nxc6 bxc6 14.
b4 c5 15. bxc5 Rxc5 16. Nb5 Ne4 17. Bxe7 Qxe7 18. Qa4 Rb8 19. Nd4 Rb2 20.
Bd3 Nc3 21. Nc6 Qc7 22. Qh4 Rxc6 0-1

[Event "10th EICC"]
[Site "Budva MNE"]
[Date "2009.03.14"]
[Round "8"]
[White "Franciskovic,B"]
[Black "Pogorelov,R"]
[Result "0-1"]
[WhiteElo "2260"]
[BlackElo "2451"]
[EventDate "2009.03.06"]

1. g3 c5 2. c4 Nc6 3. Nc3 g6 4. Bg2 Bg7 5. Nf3 e6 6. d4 Nxd4 7. Nxd4 cxd4
8. Ne4 d5 9. cxd5 exd5 10. Qa4+ Kf8 11. Nc5 Bf6 12. O-O Kg7 13. Bf4 g5 14.
Bd2 Ne7 15. Rfe1 b6 16. Nd3 Qd7 17. Qa3 a5 18. Rac1 Ba6 19. e4 dxe4 20.
Bxe4 Rac8 21. Qb3 Qb5 22. Qa3 Ng6 23. b3 Rxc1 24. Qxc1 Rc8 25. Qb1 Re8 26.
Nb2 Qd7 27. Nc4 Bxc4 28. bxc4 Qd6 29. Qc1 Qc5 30. Bd5 Rxe1+ 31. Qxe1 Qe7
32. Qd1 Qe5 33. Qf3 Ne7 34. Be4 h6 35. Bc2 Ng6 36. Kg2 Be7 37. Qd3 Bc5 38.
Kg1 Qf6 39. Be1 Ne5 40. Qh7+ Kf8 41. Qe4 Nxc4 42. Kg2 Ne5 43. f3 Qd6 44.
Bb3 Kg7 45. Qf5 Qf6 46. Qe4 h5 47. h3 Ng6 48. Bd2 h4 49. g4 Bd6 50. Bc2 Bf4
51. Be1 Qe5 52. Bf2 Qxe4 53. Bxe4 Be3 54. Be1 Nf4+ 55. Kh2 f6 56. a4 d3 57.
Bc3 d2 58. Bc2 Ne2 59. Bb2 Bd4 60. Ba3 Be5+ 61. Kg2 Nc3 0-1

[Event "10th EICC"]
[Site "Budva MNE"]
[Date "2009.03.14"]
[Round "8"]
[White "Solomunovic,I"]
[Black "Maevsky,N"]
[Result "1-0"]
[WhiteElo "2416"]
[BlackElo "2223"]
[EventDate "2009.03.06"]

1. e4 c6 2. d4 d5 3. f3 e5 4. dxe5 Bc5 5. Ne2 dxe4 6. Qxd8+ Kxd8 7. Nbc3
exf3 8. gxf3 Bf5 9. Bg5+ Be7 10. O-O-O+ Nd7 11. Be3 Ke8 12. Nd4 Be6 13. Rg1
g6 14. Nxe6 fxe6 15. Ne4 Nxe5 16. f4 Nd7 17. Bc4 Ngf6 18. Bxe6 Rf8 19. Ng5
Nb6 20. c4 Rd8 21. Rde1 Nc8 22. Bxc8 Rxc8 23. Bxa7 Nd7 24. Be3 h6 25. Nf3
g5 26. Bd2 Nc5 27. Kc2 Rf6 28. Ne5 Rd8 29. Re2 Ne6 30. Re4 gxf4 31. Rg8+
Rf8 32. Rxf8+ Nxf8 33. Bxf4 Rd6 34. Ng4 Rg6 35. Bxh6 Ne6 36. Be3 Kf8 37.
Kb3 Bg5 38. Rxe6 Rxe6 39. Bxg5 Rg6 40. h4 Re6 41. Ne3 Kf7 42. a4 Re4 43.
Kb4 b6 44. a5 bxa5+ 45. Kxa5 Ke6 46. Kb6 Kd7 47. b4 Re6 48. Kc5 Re5+ 49.
Kd4 Re8 50. h5 Rg8 51. Bf4 Ke6 52. h6 Rg1 53. Be5 Rh1 54. Bg7 Rh5 55. Ng2
Rh2 56. Nf4+ Kf5 57. Nd3 Ke6 58. Kc5 Rh4 59. Ne5 Rh2 60. Kxc6 1-0

[Event "10th EICC"]
[Site "Budva MNE"]
[Date "2009.03.14"]
[Round "8"]
[White "Lamoureux,C"]
[Black "Elkin,L"]
[Result "0-1"]
[WhiteElo "2374"]
[BlackElo "2191"]
[EventDate "2009.03.06"]

1. e4 e6 2. d4 d5 3. Nc3 Bb4 4. e5 c5 5. a3 Ba5 6. Nge2 Nc6 7. f4 cxd4 8.
b4 dxc3 9. bxa5 Qxa5 10. Ng3 Nge7 11. Rb1 O-O 12. Bd3 b6 13. Qh5 Ng6 14.
Qe2 Qc5 15. h4 Nd4 16. Qd1 f6 17. Bxg6 hxg6 18. Qd3 fxe5 19. fxe5 Ba6 20.
Qxa6 Nxc2+ 21. Ke2 Rf2+ 22. Kd3 Qd4+ 0-1

[Event "10th EICC"]
[Site "Budva MNE"]
[Date "2009.03.14"]
[Round "8"]
[White "Ceranic,M"]
[Black "Masic,P"]
[Result "1/2-1/2"]
[WhiteElo "2147"]
[BlackElo "2371"]
[EventDate "2009.03.06"]

1. e4 c6 2. d4 d5 3. Nd2 g6 4. Ngf3 Bg7 5. Bd3 Bg4 6. c3 dxe4 7. Nxe4 Nd7
8. h3 Bxf3 9. Qxf3 Ngf6 10. Nxf6+ Nxf6 11. O-O O-O 12. Re1 Nd5 13. a4 Qd6
14. a5 Rfe8 15. Bc4 e6 16. g3 b5 17. axb6 axb6 18. Rxa8 Rxa8 19. Bd2 b5 20.
Bf1 Ra2 21. Bc1 Qb8 22. Rd1 Qa7 23. h4 Qa4 24. Qd3 Ra1 25. Be2 Qb3 26. Rf1
Qa2 27. Bf3 Qb3 28. Bd1 Qa2 29. Bf3 Qb3 30. Bd1 1/2-1/2

[Event "10th EICC"]
[Site "Budva MNE"]
[Date "2009.03.14"]
[Round "8"]
[White "Ogloblin,N"]
[Black "Papp,P"]
[Result "1-0"]
[WhiteElo "2362"]
[BlackElo "2134"]
[EventDate "2009.03.06"]

1. d4 d5 2. c4 e6 3. Nf3 Nf6 4. Bg5 h6 5. Bxf6 Qxf6 6. Nc3 c6 7. e3 Nd7 8.
Qc2 g6 9. a3 Bg7 10. cxd5 cxd5 11. Bd3 O-O 12. O-O Qe7 13. Rac1 b6 14. Qa4
Nf6 15. Ne5 Bd7 16. Nxd7 Qxd7 17. Qxd7 Nxd7 18. Nb5 a5 19. Rc7 Nf6 20. Rfc1
Rab8 21. f3 Rfd8 22. Na7 Ne8 23. R7c2 Rb7 24. Nc6 Rd6 25. Bb5 Kf8 26. a4
Rc7 27. Kf2 Bf6 28. Ke2 Ng7 29. g4 Ne8 30. h3 Kg7 31. f4 Kf8 32. Kf3 Kg7
33. Kg3 g5 34. Kf3 Kf8 35. Ke2 Kg7 36. Kd3 Kf8 37. Rc3 Kg7 38. Ne5 Rxc3+
39. Rxc3 Bxe5 40. Bxe8 Rd8 41. Bxf7 Bb8 42. Bxe6 gxf4 43. exf4 Bxf4 44. Rc6
Rd6 45. Rxd6 Bxd6 46. Bxd5 Kf6 47. Ke4 Bg3 48. Bc4 Bf2 49. Ba6 Bg1 50. Bc8
Bf2 51. b3 Be1 52. Ke3 Bg3 53. Kf3 Be1 54. Ke4 Bg3 55. Bf5 Bf2 56. Bd7 Be1
57. Bb5 Bf2 58. Be2 Be1 59. Bb5 Bg3 60. Be2 Be1 61. d5 Bg3 62. Bb5 Bh2 63.
Bd7 Bg3 64. Be6 Bh2 65. Kd4 Bg1+ 66. Kc4 Ke5 67. Kb5 Kd6 68. h4 Be3 69. Kc4
Ke5 70. g5 hxg5 71. h5 g4 72. Bxg4 Kd6 73. Kd3 Bc1 74. Ke4 Ke7 75. Kf5 Bb2
76. Kg6 Kf8 77. d6 Be5 78. d7 Ke7 79. h6 Bc3 80. Kh7 Bd2 81. Kg7 Bc3+ 82.
Kg8 Bd4 83. h7 1-0

[Event "10th EICC"]
[Site "Budva MNE"]
[Date "2009.03.14"]
[Round "8"]
[White "Anton,T"]
[Black "Bozinovic,Bob"]
[Result "1-0"]
[WhiteElo "2350"]
[BlackElo "2095"]
[EventDate "2009.03.06"]

1. d4 Nf6 2. c4 c5 3. d5 b5 4. cxb5 a6 5. b6 Qxb6 6. Nc3 g6 7. Nf3 d6 8. a4
a5 9. e4 Nbd7 10. Bb5 Ba6 11. Qe2 Bxb5 12. Nxb5 Bg7 13. Nd2 O-O 14. Nc4 Qd8
15. Bd2 Ne8 16. O-O Ne5 17. Nba3 Nxc4 18. Nxc4 e6 19. Qe1 exd5 20. exd5 Qh4
21. Nb6 Ra7 22. g3 Qh3 23. Bc3 Nf6 24. Bxf6 Bxf6 25. Nc4 Re7 26. Qxa5 Re4
27. Nd2 Re5 28. Rfd1 Rh5 29. Nf1 Bxb2 30. Ra2 Bd4 31. Qb6 Rxd5 32. Qb3 Re5
33. a5 Qe6 34. Qxe6 Rxe6 35. a6 Ra8 36. Rb1 c4 37. Rb7 Ra7 38. Ne3 Bxe3 39.
fxe3 Ra8 40. a7 Ree8 41. Kf2 Kf8 42. Ke2 h5 43. Kd2 Re7 44. Rb8+ Re8 45.
Rxe8+ Kxe8 46. e4 f5 47. exf5 gxf5 48. Kc3 d5 49. Kd4 Kf7 50. Ra6 Kg7 51.
Ra1 Kf6 52. Kxd5 c3 53. Kc6 Ke5 54. Kb7 Rxa7+ 55. Kxa7 Kd4 56. Kb6 c2 57.
Kc6 1-0

[Event "10th EICC"]
[Site "Budva MNE"]
[Date "2009.03.14"]
[Round "8"]
[White "Aleskerov,F"]
[Black "Karisik,N"]
[Result "1-0"]
[WhiteElo "2340"]
[BlackElo "2023"]
[EventDate "2009.03.06"]

1. Nf3 Nf6 2. d4 c5 3. c3 cxd4 4. Qxd4 Nc6 5. Qh4 e5 6. e4 Be7 7. Bc4 d5 8.
exd5 Nxd5 9. Qg3 O-O 10. O-O Nb6 11. Bb3 Bf6 12. Bc2 Re8 13. Rd1 Qe7 14.
Nbd2 Nd7 15. Ne4 Nf8 16. Be3 b6 17. Rd6 Ng6 18. Rxc6 Bb7 19. Nxf6+ gxf6 20.
Rc4 Qe6 21. Rc7 1-0

[Event "10th EICC"]
[Site "Budva MNE"]
[Date "2009.03.14"]
[Round "8"]
[White "Simic,V"]
[Black "Sekulic,D"]
[Result "0-1"]
[WhiteElo "2064"]
[BlackElo "2316"]
[EventDate "2009.03.06"]

1. c4 e5 2. Nc3 Nf6 3. g3 d5 4. cxd5 Nxd5 5. Bg2 Nb6 6. Nf3 Nc6 7. O-O Be7
8. d3 O-O 9. b3 Be6 10. Bb2 f6 11. Rc1 Rf7 12. Ne4 Qf8 13. h4 h6 14. h5 f5
15. Ned2 Bf6 16. Qc2 Re8 17. Nc4 Nxc4 18. dxc4 e4 19. Nh2 Nd4 20. Bxd4 Bxd4
21. e3 Bc5 22. Rfd1 a5 23. Bf1 Qe7 24. Be2 Qg5 25. Kh1 b6 26. Qb2 Rfe7 27.
a3 Bf7 28. b4 axb4 29. axb4 Bd6 30. c5 bxc5 31. bxc5 Be5 32. Qb5 Bxh5 33.
Bxh5 Qxh5 34. Rd5 Qf7 35. Rcd1 h5 36. c6 h4 37. gxh4 Qh5 38. Rg1 Qxh4 39.
Rg2 Qf6 40. Rd7 Qe6 41. Rd1 Kf7 42. Kg1 Rh8 43. f4 exf3 44. Nxf3 Bf6 45.
Rd3 Rh3 46. Ng5+ Bxg5 47. Rxg5 g6 48. Qc5 Rxe3 0-1

[Event "10th EICC"]
[Site "Budva MNE"]
[Date "2009.03.14"]
[Round "8"]
[White "Stamatovic,V"]
[Black "Simeonidis,I"]
[Result "0-1"]
[WhiteElo "1974"]
[BlackElo "2303"]
[EventDate "2009.03.06"]

1. d4 Nf6 2. c4 e6 3. Nc3 Bb4 4. Qc2 O-O 5. Bg5 c5 6. d5 h6 7. Bh4 exd5 8.
O-O-O Bxc3 9. bxc3 dxc4 10. e4 Qe7 11. f3 d5 12. Rxd5 g5 13. Bxg5 hxg5 14.
Rxg5+ Kh8 15. h4 Nc6 16. Bxc4 Ne5 17. Be2 c4 18. Nh3 Nh7 19. Rh5 Bxh3 20.
gxh3 Rac8 21. Kb1 Rc6 22. Rd1 f6 23. Ka1 Rd8 24. Rxd8+ Qxd8 25. f4 Nd3 26.
Rd5 Rd6 27. Bxd3 Rxd5 28. exd5 cxd3 29. Qxd3 Qd6 30. Qd4 b6 31. Kb2 Nf8 32.
Qe4 Kg7 33. h5 Qd7 34. c4 Kh6 35. f5 Kxh5 36. Kb3 Kh6 37. a4 Qd6 38. Qe3+
Kh7 39. a5 Nd7 40. axb6 axb6 41. Ka4 Ne5 42. Kb5 Qd7+ 43. Kb4 Qxf5 44. d6
Qb1+ 45. Qb3 Nc6+ 46. Ka4 Qa1+ 47. Qa3 Qxa3+ 48. Kxa3 f5 49. Kb3 Kg6 50.
Kc3 Kf6 51. h4 Ke6 52. h5 Kxd6 53. Kd3 Ke5 54. h6 Ne7 55. h7 Ng6 0-1

[Event "10th EICC"]
[Site "Budva MNE"]
[Date "2009.03.14"]
[Round "8"]
[White "Cvetkovic,Sr"]
[Black "Fugulyan,G"]
[Result "1-0"]
[WhiteElo "2407"]
[BlackElo "1978"]
[EventDate "2009.03.06"]

1. c4 Nf6 2. Nc3 g6 3. e4 d6 4. d4 Bg7 5. Nf3 O-O 6. h3 c5 7. d5 b5 8. cxb5
a6 9. a4 e6 10. dxe6 Bxe6 11. Be2 d5 12. exd5 Nxd5 13. Nxd5 Bxd5 14. O-O
axb5 15. Bxb5 Nc6 16. Be3 Bxf3 17. Qxf3 Nd4 18. Bxd4 Bxd4 19. Rad1 Qa5 20.
b3 Rad8 21. Rfe1 Rd6 22. Re4 Rf6 23. Rf4 Rxf4 24. Qxf4 Rc8 25. Bc4 Rc7 26.
Qd2 Qa7 27. a5 Rd7 28. Kh1 Rd6 29. a6 Rf6 30. f4 g5 31. fxg5 Rf2 32. Qxf2
Bxf2 33. Rf1 Bg3 34. Rxf7 Qxa6 1-0

[Event "10th EICC"]
[Site "Budva MNE"]
[Date "2009.03.14"]
[Round "8"]
[White "Onoprienko,V"]
[Black "Rajcevic,S"]
[Result "1-0"]
[WhiteElo "2372"]
[BlackElo "2161"]
[EventDate "2009.03.06"]

1. e4 e5 2. Bc4 Nf6 3. d3 Nc6 4. Nf3 Be7 5. O-O O-O 6. Re1 d6 7. c3 Na5 8.
Bb5 a6 9. Ba4 b5 10. Bc2 c5 11. Nbd2 Ne8 12. Nf1 Nc6 13. h3 Nc7 14. d4 Bf6
15. Be3 Qe7 16. Ng3 g6 17. Qd2 cxd4 18. cxd4 Nxd4 19. Nxd4 exd4 20. Bxd4
Bxd4 21. Qxd4 Ne6 22. Qe3 Qf6 23. Rad1 Qxb2 24. Bb3 Nc5 25. Bd5 Bb7 26.
Bxb7 Nxb7 27. Qb6 Nd8 28. Re2 Qe5 29. Red2 Ne6 30. Rxd6 Qb2 31. R6d2 Qe5
32. Rd5 Qb2 33. R1d2 Qc1+ 34. Kh2 Qc7 35. Qxc7 Nxc7 36. Rd7 Ne6 37. e5 Nc5
38. R7d5 Ne6 39. Ne4 Rfd8 40. g3 Kf8 41. Nd6 Ra7 42. Rc2 Ng5 43. Rc6 Ne6
44. f4 Nc7 45. Rdc5 Ne6 46. Rc8 Ra8 47. Rxd8+ Rxd8 48. Rc6 Ra8 49. Rb6 Nd8
50. Kg2 Ke7 51. Kf3 Kd7 52. Ne4 Kc7 53. Rf6 a5 54. Nc3 b4 55. Nd5+ Kb7 56.
Rd6 Rc8 57. g4 Ne6 58. f5 Ng5+ 59. Ke3 gxf5 60. gxf5 Rc4 61. Nf6 a4 62. e6
fxe6 63. fxe6 Nxe6 64. Rxe6 b3 65. axb3 axb3 66. Nd5 Rh4 67. Rb6+ Ka7 68.
Rb5 Rxh3+ 69. Kd4 Rh1 70. Rxb3 h5 71. Kc5 Rc1+ 72. Kd6 h4 73. Ne7 Rd1+ 74.
Kc7 Ka6 75. Nc6 1-0

[Event "10th EICC"]
[Site "Budva MNE"]
[Date "2009.03.14"]
[Round "8"]
[White "Brajovic,R"]
[Black "Jakic,V"]
[Result "1-0"]
[WhiteElo "2275"]
[BlackElo "2154"]
[EventDate "2009.03.06"]

1. e4 d6 2. d4 Nf6 3. Nc3 g6 4. f4 Bg7 5. Nf3 O-O 6. Be3 Bg4 7. h3 Bxf3 8.
Qxf3 c6 9. Bd3 e5 10. dxe5 dxe5 11. f5 gxf5 12. Qxf5 Ne8 13. O-O Qe7 14.
Rad1 Nd7 15. Bc4 Rd8 16. Bb3 Bf6 17. Bh6 Bg7 18. Be3 Bf6 19. Rd3 Ng7 20.
Qf3 Bg5 21. Bxa7 Kh8 22. Rfd1 f5 23. exf5 Nxf5 24. Qe2 Bf4 25. Bf2 Nf6 26.
Ne4 Rxd3 27. Qxd3 Nd4 28. c3 Nxb3 29. axb3 Nxe4 30. Qxe4 Bh2+ 31. Kxh2 Rxf2
32. Qg4 Rf8 33. Rd7 Qf6 34. Qe4 Rf7 35. Rxf7 Qxf7 36. Qxe5+ Kg8 37. b4 b5
38. h4 h6 39. Qd6 Qh5 40. Qe6+ Kg7 41. Kh3 1-0

[Event "10th EICC"]
[Site "Budva MNE"]
[Date "2009.03.14"]
[Round "8"]
[White "Becic,S"]
[Black "Andrejic,V"]
[Result "1-0"]
[WhiteElo "2131"]
[BlackElo "2275"]
[EventDate "2009.03.06"]

1. e4 c5 2. Nf3 e6 3. d3 Nc6 4. Nbd2 g6 5. g3 Bg7 6. Bg2 Nge7 7. O-O O-O 8.
c3 d6 9. Nb3 f5 10. Bg5 fxe4 11. dxe4 h6 12. Be3 Qc7 13. e5 Nxe5 14. Nxe5
Bxe5 15. Bxh6 Bg7 16. Bxg7 Kxg7 17. Qe2 Bd7 18. Rae1 Rf6 19. Nd2 d5 20. Nf3
Nc6 21. Ne5 Nxe5 22. Qxe5 Qxe5 23. Rxe5 b5 24. f4 Rb8 25. h4 Rf5 26. Rfe1
Rxe5 27. Rxe5 a5 28. Bxd5 exd5 29. Re7+ Kf6 30. Rxd7 Ke6 31. Ra7 a4 32.
Ra6+ Kf5 33. Kf2 Ke4 34. Ke2 d4 35. cxd4 Kxd4 36. Kd2 Rg8 37. Re6 Kd5 38.
Re5+ Kc4 39. Kc2 b4 40. b3+ axb3+ 41. axb3+ Kd4 42. Rg5 Re8 43. Rxg6 Re2+
44. Kd1 Rb2 45. f5 Rxb3 46. h5 Rf3 47. h6 Rxf5 48. h7 Rh5 49. Rg4+ Kd3 50.
Rh4 Rf5 51. Rh1 1-0

[Event "10th EICC"]
[Site "Budva MNE"]
[Date "2009.03.14"]
[Round "8"]
[White "Filipovic,Mi"]
[Black "Rabrenovic,M"]
[Result "0-1"]
[WhiteElo "2121"]
[BlackElo "2257"]
[EventDate "2009.03.06"]

1. e4 c5 2. d4 cxd4 3. c3 dxc3 4. Nxc3 Nc6 5. Nf3 e6 6. Bc4 d6 7. O-O Be7
8. Qe2 Nf6 9. Rd1 e5 10. h3 O-O 11. Be3 Be6 12. Bxe6 fxe6 13. b4 Nxb4 14.
Rab1 Qa5 15. Qb2 Nc6 16. Qxb7 Rfc8 17. Qb3 d5 18. Nxd5 exd5 19. exd5 Rab8
20. Qc4 Nb4 21. Qh4 Nbxd5 22. Rxb8 Rxb8 23. Qc4 Qb5 24. Qc1 Nxe3 25. Qxe3
e4 26. Ne1 Bc5 27. Qf4 Rf8 28. Qd2 Bb6 29. Qc2 h6 30. a4 Qg5 31. Rb1 e3 32.
Nf3 exf2+ 33. Kf1 Qe3 34. Rb3 Qe4 35. Qc1 Nd5 0-1

[Event "10th EICC"]
[Site "Budva MNE"]
[Date "2009.03.14"]
[Round "8"]
[White "Scekic,V"]
[Black "Plenca,J"]
[Result "1/2-1/2"]
[WhiteElo "2084"]
[BlackElo "2248"]
[EventDate "2009.03.06"]

1. c4 e5 2. Nc3 Nf6 3. g3 Bc5 4. Bg2 Nc6 5. e3 d6 6. Nge2 O-O 7. d4 Bb6 8.
d5 Ne7 9. O-O a5 10. b3 Bg4 11. f3 Bd7 12. Kh1 Qc8 13. e4 Bh3 14. Bg5 Bxg2+
15. Kxg2 Ng6 16. Na4 Nd7 17. Nxb6 Nxb6 18. a4 f5 19. exf5 Qxf5 20. Be3 Nd7
21. Nc3 Nf6 22. Qb1 Qd7 23. Qd3 Rae8 24. Rae1 Qc8 25. Bd2 Rf7 26. Ne4 Nxe4
27. fxe4 Ref8 28. h3 b6 29. Rxf7 Rxf7 30. Rf1 Rxf1 31. Qxf1 Nf8 32. Be3 Qe8
33. Qf5 Nd7 34. h4 h5 35. Kf2 Nf6 36. Ke2 Qf7 37. Bd2 Qe8 38. Be3 Qd7 39.
Qxd7 Nxd7 40. Bg5 Nc5 41. Bd8 Na6 42. Bg5 Kf7 43. Be3 Nb8 44. Kf3 Nd7 45.
Kg2 Nf8 46. Kf3 Nh7 47. Bd2 Kf6 48. Be3 g5 49. Bd2 g4+ 50. Ke2 Ke7 51. Kd3
Kd7 52. Be3 Kc8 53. Bh6 Nf6 54. Bg5 Nd7 55. Be3 Kb7 56. Kc3 c6 57. Kd3 Nb8
58. Kc3 Na6 59. Bf2 Nc7 60. Be3 c5 1/2-1/2

[Event "10th EICC"]
[Site "Budva MNE"]
[Date "2009.03.14"]
[Round "8"]
[White "Dinter,B"]
[Black "Drljevic,L"]
[Result "0-1"]
[WhiteElo "2055"]
[BlackElo "2244"]
[EventDate "2009.03.06"]

1. Nf3 d6 2. d4 g6 3. e3 Bg7 4. b3 Nf6 5. Bb2 O-O 6. Be2 Nbd7 7. O-O Re8 8.
d5 c6 9. dxc6 bxc6 10. c4 Rb8 11. Nc3 Nc5 12. Nd4 Qc7 13. Bf3 Bd7 14. e4 e5
15. Nc2 Ne6 16. g3 Red8 17. b4 Bc8 18. a4 Ng5 19. Bg2 Bh3 20. Qe2 Qc8 21.
f3 d5 22. cxd5 cxd5 23. Nxd5 Nxd5 24. exd5 e4 25. f4 Nf3+ 26. Kh1 Bxg2+ 27.
Kxg2 Bxb2 0-1

[Event "10th EICC"]
[Site "Budva MNE"]
[Date "2009.03.14"]
[Round "8"]
[White "Kruljac,P"]
[Black "Medancic,R"]
[Result "1/2-1/2"]
[WhiteElo "2052"]
[BlackElo "2242"]
[EventDate "2009.03.06"]

1. d4 d5 2. c4 c6 3. e3 Nf6 4. Nc3 Qb6 5. Qb3 dxc4 6. Bxc4 Qxb3 7. Bxb3 Bf5
8. Nf3 e6 9. O-O Be7 10. Ne5 Nbd7 11. Nxd7 Kxd7 12. Bd2 b5 13. f3 a5 14. e4
Bg6 15. a4 b4 16. Ne2 h6 17. Be3 Rhc8 18. Rac1 Ke8 19. Rc4 Kd7 20. Nf4 Bh7
21. Nd3 Bd6 22. Ne5+ Bxe5 23. dxe5 Ng8 24. Rd1+ Ke8 25. Rdc1 1/2-1/2

[Event "10th EICC"]
[Site "Budva MNE"]
[Date "2009.03.14"]
[Round "8"]
[White "Civric,Z"]
[Black "Mikavica,D"]
[Result "1-0"]
[WhiteElo "2206"]
[BlackElo "2034"]
[EventDate "2009.03.06"]

1. e4 e6 2. d4 c5 3. Nf3 cxd4 4. Nxd4 a6 5. Be2 Nf6 6. Nc3 Bb4 7. e5 Nd5 8.
O-O Nxc3 9. bxc3 Bxc3 10. Ba3 Qa5 11. Bd6 Nc6 12. Nxc6 dxc6 13. f4 Bb4 14.
Qd4 Bxd6 15. exd6 f6 16. c4 c5 17. Qd3 Bd7 18. Bh5+ Kf8 19. f5 exf5 20.
Rae1 g6 21. Re7 Bc6 22. Qe3 h6 23. Qe6 1-0

[Event "10th EICC"]
[Site "Budva MNE"]
[Date "2009.03.14"]
[Round "8"]
[White "Malureanu,C"]
[Black "Solic,K"]
[Result "0-1"]
[WhiteElo "2013"]
[BlackElo "2204"]
[EventDate "2009.03.06"]

1. e4 c5 2. Nf3 Nc6 3. d4 cxd4 4. Nxd4 d6 5. Nc3 Qb6 6. Nb3 Nf6 7. Be3 Qc7
8. f3 a6 9. Qd2 e6 10. O-O-O Be7 11. g4 b5 12. h4 Nd7 13. Bg5 f6 14. Bf4
Nce5 15. Qg2 b4 16. Ne2 Nc4 17. Ng3 Ndb6 18. Bxc4 Nxc4 19. Nh5 g6 20. Ng3
Bd7 21. Nf1 a5 22. Nbd2 e5 23. Bh6 a4 24. Nxc4 Qxc4 25. Kb1 Be6 26. b3 Qa6
27. Rd2 Kf7 28. Qe2 Qa5 29. Qd1 Rhc8 30. Ne3 Rc3 31. Nd5 axb3 32. cxb3 Bxd5
33. exd5 Rac8 34. Rb2 R8c5 35. Bd2 Rxd5 36. Qe2 Rc8 37. g5 Qb5 38. Qxb5
Rxb5 39. h5 fxg5 40. Be1 h6 41. Re2 gxh5 42. Rxh5 Bf8 43. Re4 Rbc5 44. Rh2
Rc1+ 45. Kb2 d5 0-1

[Event "10th EICC"]
[Site "Budva MNE"]
[Date "2009.03.14"]
[Round "8"]
[White "Draskovic,L"]
[Black "Bajkovic,N"]
[Result "1-0"]
[WhiteElo "1983"]
[BlackElo "2180"]
[EventDate "2009.03.06"]

1. e4 c5 2. Nf3 Nc6 3. d4 cxd4 4. Nxd4 Nf6 5. Nc3 e5 6. Ndb5 d6 7. Bg5 Be6
8. Bxf6 gxf6 9. Nd5 Rc8 10. c4 a6 11. Nbc3 Bg7 12. Be2 O-O 13. O-O f5 14.
exf5 Bxf5 15. Ne3 Bg6 16. Ncd5 Kh8 17. Kh1 f5 18. f4 Nd4 19. Nc2 Ne6 20.
Rb1 Rf7 21. b3 exf4 22. Nxf4 Nxf4 23. Rxf4 Be5 24. Rf3 f4 25. Qd2 Qg5 26.
Rbf1 Be4 27. R3f2 Qg6 28. Bf3 Bf5 29. Ne1 Rg7 30. Bd5 Bg4 31. Nd3 Re7 32.
Nxf4 Qg7 33. h3 Qh6 34. Nd3 Qxd2 35. Rxd2 Bh5 36. Nxe5 dxe5 37. Be4 Kg7 38.
Kh2 Rf8 39. Rxf8 Kxf8 40. Rd8+ Kg7 41. Rb8 Bg6 42. Rxb7 Rxb7 43. Bxb7 a5
44. c5 Kf6 45. c6 Be4 46. Ba8 Bf5 47. g4 Be6 48. c7 Bc8 49. Be4 1-0

[Event "10th EICC"]
[Site "Budva MNE"]
[Date "2009.03.14"]
[Round "8"]
[White "Vucinic,P"]
[Black "Petovic,L"]
[Result "1-0"]
[WhiteElo "2257"]
[BlackElo "2052"]
[EventDate "2009.03.06"]

1. e4 c5 2. c3 d6 3. d4 Nf6 4. Bd3 e5 5. Ne2 g6 6. O-O Bg7 7. Na3 O-O 8.
Bg5 h6 9. Bh4 exd4 10. cxd4 cxd4 11. Nxd4 Qb6 12. Nb3 Be6 13. Rc1 Nc6 14.
Nc4 Qb4 15. f3 d5 16. a3 Qa4 17. exd5 Nxd5 18. Bf2 Nf4 19. Nc5 Qxd1 20.
Rfxd1 Bxc4 21. Rxc4 Nxd3 22. Nxd3 Rad8 23. Rcc1 Rfe8 24. Kf1 Re7 25. b4
Red7 26. Ke2 a6 27. Bb6 Re8+ 28. Kf1 Nd4 29. Bxd4 Rxd4 30. Nc5 Re7 31. Ne4
f5 32. Nc5 Kf7 33. Kf2 g5 34. g3 Bf6 35. Nd3 f4 36. gxf4 gxf4 37. Nc5 h5
38. Ne4 Red7 39. Rxd4 Bxd4+ 40. Ke2 Bb2 41. Rb1 Bxa3 42. Nc5 Rd4 43. Nd3 a5
44. bxa5 Ra4 45. Rxb7+ Kf6 46. Rb5 Kg6 47. Kd2 Be7 48. Kc3 Bf6+ 49. Kb3 Rd4
50. Nb4 Rd2 51. a6 Rd8 52. a7 Ra8 53. Nc6 1-0

[Event "10th EICC"]
[Site "Budva MNE"]
[Date "2009.03.14"]
[Round "8"]
[White "Susak,Z"]
[Black "Vrhovnik,D"]
[Result "1-0"]
[WhiteElo "2229"]
[BlackElo "1976"]
[EventDate "2009.03.06"]

1. e4 c5 2. Nf3 g6 3. d4 cxd4 4. Qxd4 Nf6 5. e5 Nc6 6. Qa4 Nd5 7. Qe4 Nb6
8. Bb5 Bg7 9. O-O O-O 10. Nc3 a6 11. Bxc6 dxc6 12. Qh4 Bf5 13. Bh6 f6 14.
Bxg7 Kxg7 15. Rfe1 c5 16. Rad1 Qc7 17. Qg3 Kg8 18. Nh4 fxe5 19. Rxe5 Bxc2
20. Rde1 Nc4 21. Nd5 Qd6 22. Nxe7+ Kh8 23. Rxc5 Qxg3 24. hxg3 b5 25. b3 Na3
26. Nf3 Bb1 27. Re2 Rad8 28. Ng5 Rd1+ 29. Kh2 h6 30. Ne6 Re8 31. Nf4 Red8
32. Nexg6+ Kg7 33. Re7+ Kf6 34. Re6+ Kg7 35. Rc7+ 1-0

[Event "10th EICC"]
[Site "Budva MNE"]
[Date "2009.03.14"]
[Round "8"]
[White "Anicic,V"]
[Black "Dedic,S"]
[Result "1-0"]
[WhiteElo "2212"]
[BlackElo "1968"]
[EventDate "2009.03.06"]

1. e4 e5 2. Nf3 Nf6 3. Nxe5 d6 4. Nf3 Nxe4 5. d4 d5 6. Bd3 Be7 7. O-O Bg4
8. Re1 Nd6 9. Nc3 c6 10. h3 Bh5 11. Qe2 Bxf3 12. Qxf3 O-O 13. Ne2 Bf6 14.
c3 Re8 15. Bf4 g6 16. Ng3 a5 17. Bxd6 Rxe1+ 18. Rxe1 Qxd6 19. Re8+ Kg7 20.
Qg4 Kh6 21. Nf5+ gxf5 22. Qxf5 Be7 23. Qxh7+ Kg5 24. Rg8+ Kf4 25. Qf5+ 1-0

[Event "10th EICC"]
[Site "Budva MNE"]
[Date "2009.03.14"]
[Round "8"]
[White "Gagic,M"]
[Black "Schartz,A"]
[Result "0-1"]
[WhiteElo "1880"]
[BlackElo "2202"]
[EventDate "2009.03.06"]

1. e4 d5 2. exd5 Qxd5 3. Nf3 Bg4 4. Be2 e6 5. d4 Nf6 6. O-O Nbd7 7. c4 Qa5
8. h3 Bh5 9. Nc3 c6 10. Qc2 Bd6 11. Ne4 Nxe4 12. Qxe4 Bg6 13. Qe3 O-O 14.
Bd2 Qc7 15. c5 Be7 16. Ne5 Nf6 17. Nxg6 hxg6 18. b4 Nd5 19. Qe4 Qd7 20.
Rab1 a6 21. a4 Rfd8 22. Qc2 Bf6 23. Be3 Qc7 24. b5 axb5 25. axb5 Nxe3 26.
fxe3 e5 27. bxc6 bxc6 28. dxe5 Qxe5 29. Bf3 Qxe3+ 30. Kh1 Rac8 31. Qf2 Qg5
32. Rfd1 Rxd1+ 33. Rxd1 Be5 34. Be4 Qe7 35. Rf1 Bb8 36. g4 0-1

[Event "10th EICC"]
[Site "Budva MNE"]
[Date "2009.03.14"]
[Round "8"]
[White "Nestorovic,L"]
[Black "Kandic,Milo"]
[Result "1-0"]
[WhiteElo "2207"]
[BlackElo "2075"]
[EventDate "2009.03.06"]

1. e4 e6 2. d4 d5 3. Nc3 Bb4 4. e5 c5 5. a3 Bxc3+ 6. bxc3 Ne7 7. Qg4 O-O 8.
Bd3 c4 9. Be2 Nbc6 10. h4 f6 11. exf6 Rxf6 12. Qg3 Nf5 13. Qh2 Nd6 14. Bf3
Qa5 15. Bd2 e5 16. Nh3 Bf5 17. O-O Bxh3 18. Qxh3 Nxd4 19. cxd4 Qxd2 20.
dxe5 Rxf3 21. Qxf3 Ne4 22. Rad1 Qa5 23. e6 Nf6 24. Rfe1 Qc5 25. g4 Rf8 26.
e7 Re8 27. g5 Ne4 28. Qf5 Nc3 29. Qe6+ Kh8 30. Rd4 Qc7 31. Qf7 Qc8 32. Rf4
Rg8 33. e8=Q 1-0

[Event "10th EICC"]
[Site "Budva MNE"]
[Date "2009.03.14"]
[Round "8"]
[White "Gazvoda,F"]
[Black "Zdravkovic,DS"]
[Result "1/2-1/2"]
[WhiteElo "2065"]
[BlackElo "2130"]
[EventDate "2009.03.06"]

1. e4 e5 2. Nf3 Nc6 3. Bb5 a6 4. Bxc6 dxc6 5. d4 exd4 6. Qxd4 Qxd4 7. Nxd4
c5 8. Ne2 Be6 9. Nf4 Bd7 10. Nc3 Bd6 11. O-O O-O-O 12. Nfd5 Ne7 13. Be3 f6
14. Nxe7+ Bxe7 15. Nd5 Bd6 16. f3 b6 17. Rad1 Bb5 18. Rf2 Kb7 19. Rfd2 Be5
20. b3 c4 21. Bd4 cxb3 22. cxb3 Bxd4+ 23. Rxd4 Be2 24. Re1 Bb5 25. Red1
Rhe8 26. Nc3 Rxd4 27. Rxd4 Bc6 28. Kf2 Re7 29. h4 Rd7 30. Ke3 Rxd4 31. Kxd4
Be8 32. b4 Kc6 33. f4 Kd6 34. e5+ fxe5+ 35. fxe5+ Ke6 36. Ne4 h6 37. g4 Bc6
38. Nf2 g6 39. Nd3 g5 40. hxg5 hxg5 41. a3 Bf3 42. Nf2 a5 43. Nh3 Bxg4 44.
Nxg5+ Ke7 45. bxa5 bxa5 46. Kc5 Bd7 47. Kd5 Ba4 48. Nf3 c6+ 49. Kd4 Ke6 50.
Ng5+ Kf5 51. Ne4 Bb3 52. Nd6+ Ke6 53. Nb7 a4 54. Nc5+ Ke7 55. Kc3 Bd1 56.
Kb4 Bc2 57. Ka5 Bd1 58. Kb6 Bf3 59. Nxa4 Ke6 60. Nc5+ Kxe5 61. a4 Kd6 62.
a5 Be2 63. Nb3 Bf1 64. Nd4 c5 65. Nf5+ Kd7 66. Kxc5 Kc7 67. Nd6 Be2 68. Ne4
Kb7 1/2-1/2